| 000 | 00710nam a22001937a 4500 | ||
|---|---|---|---|
| 005 | 20100731114720.0 | ||
| 010 | _aENG-97038 | ||
| 020 |
_a9788190822381 _c60.00 |
||
| 035 | _aEN-80571 | ||
| 037 | _bDBAD/PUB | ||
| 082 | _a615.92 | ||
| 100 |
_aNagarajan, S. _93847 |
||
| 245 |
_aHeavy metals toxicity and environment / _cby S. Nagarajan |
||
| 260 |
_aMadurai _bMauriyar Publications _c2009 |
||
| 270 |
_a2-5/762, Maraimalai Adigalar Street, Annanagar _bMadurai _e6250520 |
||
| 300 |
_a108p. _c20cm (pbk) |
||
| 942 |
_2ddc _cEN _h615.92 _mNAG |
||
| 999 |
_c38384 _d38384 |
||